Géneros literarios : composición, estilo y contextos /

Guardado en:
Autor Principal: Oberti, Liliana
Formato: Libro
Publicado: Buenos Aires : Longseller
Series:Compendios; No. 12
Materias:
Etiquetas: Agregar Etiqueta
Sin Etiquetas, Sea el primero en etiquetar este registro!
LEADER 00812nam a22002055a 4500
001 CEM.cems011009
005 20071212180850.0
008 130507b######################000#0#####d
003 CEMS
020 |a 9875500968 
082 0 4 |a 808 
100 1 |a Oberti, Liliana 
245 1 0 |a Géneros literarios :  |b composición, estilo y contextos /  |c Liliana Oberti 
260 |a Buenos Aires :  |b Longseller 
300 |a 94 p. 
490 0 |a Compendios; No. 12 
505 0 |a Los géneros como instancias de lectura -- Problemática de los géneros discursivos -- Teorías de los géneros -- Clasificación descriptiva (entre lo clásico y lo actual ) -- El género como modo de lectura -- Ficción, verda y falsedad 
653 |a Litertura 
653 |a Géneros literarios 
859 |a CEMS  |b BIB. CEMS - 11 de abril  |h 808  |i Ob2  |p 21802.02  |t Ej.1